000 00458nam a2200181Ia 4500
001 21222
005 20260306172903.0
008 260306t2018||||xx |||||||||||||| ||spa||
041 _aESP
082 _a344.2
_bS55
100 _aSilva Sánchez, Jesús-María
_eAUT
245 0 _aMalum passionis. Mitigar el dolor del derecho penal
260 _c2018
300 _a267 páginas :
_c20 cm.
650 _aGEN
654 _aCDE
942 _cLIB
_dJUS
_fJUS
_2ddc
_n
999 _c21222
_d21222